Report on effective prison rehabilitation systems for Sri Lanka (Record no. 4479)

MARC details
000 -LEADER
fixed length control field 00631nam a22001937a 4500
005 - DATE AND TIME OF LATEST TRANSACTION
control field 20231215111903.0
008 - FIXED-LENGTH DATA ELEMENTS--GENERAL INFORMATION
fixed length control field 231215b |||||||| |||| 00| 0 eng d
020 ## - ISBN
ISBN 9556070400
082 ## - DEWEY DECIMAL CLASSIFICATION NUMBER
Classification number 365
Item number DE
942 ## - ADDED ENTRY ELEMENTS (KOHA)
Item Type Books
100 ## - MAIN ENTRY--PERSONAL NAME
Personal Name De Silva, Nirekha
245 ## - TITLE STATEMENT
Title Report on effective prison rehabilitation systems for Sri Lanka
260 ## - PUBLICATION, DISTRIBUTION, ETC. (IMPRINT)
Place of Publication Colombo:
Name of Publisher Sri Lanka Foundation,
Date of Copyright 2004
260 ## - PUBLICATION, DISTRIBUTION, ETC. (IMPRINT)
Place of Publication Colombo:
Name of Publisher Friedrich Ebert Stiftung,
Date of Copyright 2004
300 ## - PHYSICAL DESCRIPTION
Extent xx, 60 p.; 23 cm
Physical Details Bibliography included
650 ## - SUBJECT ADDED ENTRY--TOPICAL TERM
Topical Term Criminals Rehabilitation- Sri Lanka
650 ## - SUBJECT ADDED ENTRY--TOPICAL TERM
Topical Term Prison administration- Sri Lanka
650 ## - SUBJECT ADDED ENTRY--TOPICAL TERM
Topical Term Rehabilitation- Sri Lanka
Holdings
Withdrawn status Lost status Source of classification or shelving scheme Damaged status Not for loan Permanent location Current location Date acquired Total Checkouts Full call number Barcode Date last seen Price effective from Koha item type
    Dewey Decimal Classification     Resource center, Muslim Women's Research And Action Forum Resource center, Muslim Women's Research And Action Forum 2023-12-15   365 DE RAF4557 2023-12-15 2023-12-15 Reports

Copyright © 2023 Muslim Women's Research and Action Forum (MWRAF), No 27/3, Anderson Road, Kalubowila, Dehiwela. Funded by The Asia Fundation